<?xml version="1.0" encoding="UTF-8"?><?xml-stylesheet type="text/xsl" href="static/style.xsl"?><OAI-PMH xmlns="http://www.openarchives.org/OAI/2.0/" xmlns:xsi="http://www.w3.org/2001/XMLSchema-instance" xsi:schemaLocation="http://www.openarchives.org/OAI/2.0/ http://www.openarchives.org/OAI/2.0/OAI-PMH.xsd"><responseDate>2026-06-04T15:24:55Z</responseDate><request verb="GetRecord" identifier="oai:riuma.uma.es:10630/45332" metadataPrefix="marc">https://riuma.uma.es/rest/oai/request</request><GetRecord><record><header><identifier>oai:riuma.uma.es:10630/45332</identifier><datestamp>2026-04-10T09:02:00Z</datestamp><setSpec>com_10630_2254</setSpec><setSpec>col_10630_37953</setSpec></header><metadata><record xmlns="http://www.loc.gov/MARC21/slim" xmlns:dcterms="http://purl.org/dc/terms/" xmlns:doc="http://www.lyncode.com/xoai" xmlns:xsi="http://www.w3.org/2001/XMLSchema-instance" xsi:schemaLocation="http://www.loc.gov/MARC21/slim http://www.loc.gov/standards/marcxml/schema/MARC21slim.xsd">
   <leader>00925njm 22002777a 4500</leader>
   <datafield ind2=" " ind1=" " tag="042">
      <subfield code="a">dc</subfield>
   </datafield>
   <datafield ind2=" " ind1=" " tag="720">
      <subfield code="a">Medina-Vera, Dina</subfield>
      <subfield code="e">author</subfield>
   </datafield>
   <datafield ind2=" " ind1=" " tag="720">
      <subfield code="a">García-Bao, Alba</subfield>
      <subfield code="e">author</subfield>
   </datafield>
   <datafield ind2=" " ind1=" " tag="720">
      <subfield code="a">Medrano, Mireia</subfield>
      <subfield code="e">author</subfield>
   </datafield>
   <datafield ind2=" " ind1=" " tag="720">
      <subfield code="a">Martín-Chaves, Laura</subfield>
      <subfield code="e">author</subfield>
   </datafield>
   <datafield ind2=" " ind1=" " tag="720">
      <subfield code="a">Rodríguez-Capitán, Jorge</subfield>
      <subfield code="e">author</subfield>
   </datafield>
   <datafield ind2=" " ind1=" " tag="720">
      <subfield code="a">Rodríguez de Fonseca, Fernando</subfield>
      <subfield code="e">author</subfield>
   </datafield>
   <datafield ind2=" " ind1=" " tag="720">
      <subfield code="a">Serrano, Antonia</subfield>
      <subfield code="e">author</subfield>
   </datafield>
   <datafield ind2=" " ind1=" " tag="720">
      <subfield code="a">Jiménez-Navarro, Manuel Francisco</subfield>
      <subfield code="e">author</subfield>
   </datafield>
   <datafield ind2=" " ind1=" " tag="720">
      <subfield code="a">Valverde, Olga</subfield>
      <subfield code="e">author</subfield>
   </datafield>
   <datafield ind2=" " ind1=" " tag="720">
      <subfield code="a">Pavón-Morón, Francisco Javier</subfield>
      <subfield code="e">author</subfield>
   </datafield>
   <datafield ind2=" " ind1=" " tag="260">
      <subfield code="c">2026</subfield>
   </datafield>
   <datafield ind2=" " ind1=" " tag="520">
      <subfield code="a">Fetal alcohol spectrum disorder is associated with lasting neurodevelopmental and cardiovascular dysfunctions. The fractalkine axis CX3CL1/CX3CR1, a chemokine and its sole known receptor expressed in microglia and myeloid/endothelial cells, coordinates neuroimmune and vascular responses. We tested whether prenatal-lactational alcohol exposure (PLAE) is associated with sex-specific dysregulation of this axis along with integrated behavioral, neuroendocrine, inflammatory, and cardiovascular signatures.
Pregnant C57BL/6 dams consumed 20% ethanol using a drinking-in-the-dark (DID) paradigm throughout gestation and lactation. Adult offspring (PND60–70) underwent behavioral testing (elevated plus maze and tail suspension test); plasma profiling of corticosterone, cytokines/chemokines, endothelial/coagulation markers, and matrix-remodeling enzymes; and cardiac transcriptional assays for stress- and inflammation-related genes (including Cx3cr1). Analyses were stratified by sex.
PLAE females exhibited increased anxiety-like behavior, two-fold higher plasma CX3CL1, and upregulated cardiac Cx3cr1 compared with control females. PLAE males showed no behavioral or endocrine changes but evidence of matrix remodeling (elevated proMMP-9, reduced sP-Selectin). Across sexes, PLAE was associated with a proinflammatory/endothelial-activation profile (elevated IL13, IL18, and PAI-1, reduced CXCL16, higher proMMP-9) and altered cardiac expression of Nr3c2, Tnfrsf1a, Tlr4, and Nfkbia, compatible with early vascular risk. Independent of exposure, females exhibited reduced immobility and higher corticosterone, IL5, IL13, sE-Selectin, and thrombomodulin. Plasma CX3CL1 correlated inversely with exploratory and stress-coping behaviors, and positively with corticosterone, inflammatory/vascular markers, and cardiac Cx3cr1 and Tnfrsf1a.
PLAE is associated with sex-specific dysregulation of the CX3CL1/CX3CR1 axis and convergent neuroimmune-vascular signatures indicative of subclinical endothelial dysfunction. These associative findings support the hypothesis that fractalkine-pathway modulation may mitigate long-term neurobehavioral and cardiovascular vulnerability after PLAE, warranting causal testing.</subfield>
   </datafield>
   <datafield ind1="8" ind2=" " tag="024">
      <subfield code="a">Dina Medina-Vera, Alba García-Baos, Mireia Medrano, Laura Martín-Chaves, Jorge Rodríguez-Capitán, Fernando Rodríguez de Fonseca, Antonia Serrano, Manuel Jiménez-Navarro, Olga Valverde, Francisco Javier Pavón-Morón, Prenatal-lactational alcohol exposure induces sex-specific CX3CL1/CX3CR1 dysregulation linked to neuroendocrine imbalance and cardiovascular risk, Brain, Behavior, and Immunity, Volume 134, 2026, 106463, ISSN 0889-1591, https://doi.org/10.1016/j.bbi.2026.106463.</subfield>
   </datafield>
   <datafield ind1="8" ind2=" " tag="024">
      <subfield code="a">https://hdl.handle.net/10630/45332</subfield>
   </datafield>
   <datafield ind1="8" ind2=" " tag="024">
      <subfield code="a">https://doi.org/10.1016/j.bbi.2026.106463</subfield>
   </datafield>
   <datafield tag="653" ind2=" " ind1=" ">
      <subfield code="a">Síndrome alcohólico fetal</subfield>
   </datafield>
   <datafield tag="653" ind2=" " ind1=" ">
      <subfield code="a">Corazón - Enfermedades</subfield>
   </datafield>
   <datafield tag="653" ind2=" " ind1=" ">
      <subfield code="a">Riesgos para la salud</subfield>
   </datafield>
   <datafield ind2="0" ind1="0" tag="245">
      <subfield code="a">Prenatal-lactational alcohol exposure induces sex-specific CX3CL1/CX3CR1 dysregulation linked to neuroendocrine imbalance and cardiovascular risk</subfield>
   </datafield>
</record>
</metadata></record></GetRecord></OAI-PMH>